Statistics for Тест по Genshin Impact

Click here to take the quiz!

General Stats

  • This quiz has been taken 2 508 times
  • The average score is 27 of 46

Answer Stats

HintAnswer% Correct
Лучница, пироЭмбер
92%
Копейщик, геоЧжун Ли
89%
Катализатор, электроЛиза
80%
Двуручник, пироДилюк
77%
Копейщик, анемоСяо
74%
Лучник, анемоВенти
74%
Копейщица, электроРайден
68%
Лучница, криоГань Юй
65%
Мечница, криоАяка
65%
Лучник, гидроТарталья
64%
Копейщица, пироХу Тао
63%
Копейщица, пироСян Лин
63%
Лучник, геоГоро
63%
Мечник, криоКэйя
63%
Катализатор, пироКли
63%
Мечник, пироБеннет
62%
Катализатор, гидроБарбара
62%
Мечница, анемоДжинн
61%
Лучница, пироЙоимия
61%
Мечник, гидроСин Цю
60%
Копейщица, криоРозария
60%
Двуручник, геоИтто
60%
Двуручник, пироСинь Янь
60%
Лучница, криоДиона
59%
Двуручница, криоЭола
58%
Катализатор, гидроМона
56%
Двуручница, электроБэй Доу
55%
Катализатор, геоНин Гуан
55%
Мечник, анемоКадзуха
55%
Лучница, электроФишль
54%
Катализатор, электроЯэ Мико
53%
Катализатор, анемоСахароза
52%
Двуручник, криоЧун Юнь
51%
Мечница, электроКэ Цин
51%
Мечница, криоЦи Ци
51%
Копейщик, пироТома
50%
Катализатор, гидроКокоми
50%
Мечник, геоАльбедо
50%
Копейщица, криоШэнь Хэ
50%
Двуручник, геоНоэлль
47%
Двуручник, электроРэйзор
47%
Двуручница, анемоСаю
46%
Лучница, электроСара
45%
Катализатор, пироЯнь Фей
40%
Лучница, криоЭлой
40%
Копейщица, геоЮнь Цзинь
25%

Score Distribution

Percentile by Number Answered

Percent of People with Each Score

Your Score History

You have not taken this quiz